MARC

LEADER 00000cam a2200000 7i4500
001 0000090690
005 20241215085024.0
008 230104 may
020 |a 9789672695707 
041 |a Malay 
090 0 0 |a 915.9515   |b MAS 
100 0 |a Maszlee Malik   |c Dr. ,   |d 1974- ,   |e (author) 
245 1 0 |a Cerita Simpang Renggam   |c Dr. Maszlee Malik 
264 0 |a Selangor :   |b Kawandanet Sdn Bhd   |c 2022 
300 |a 85 pages :   |b color illustrations ;   |c 22.8 cm. 
336 |a text  |2 rdacontent 
337 |a unmediated  |2 rdamedia 
338 |a volume  |2 rdacarrier 
541 |c Purchased on 2022   |f 2210 KWD   |h RM75.00 
650 0 |a Communities   |z Malaysia   |z Simpang Renggam (Johor, Malaysia)   |x Social conditions   |x Anecdotes 
650 0 |a Historical places (Johor, Malaysia) 
650 0 |a Simpang Renggam (Johor, Malaysia)   |x Anecdotes 
700 0 |a Sheril A. Bustaman ,   |e (editor) 
700 0 |a Zan Alee ,   |e (photographer) 
730 0 |a Title 
999 |a 0001702255   |b Book   |c REFERENCE   |e Perbadanan Perpustakaan Awam Johor 
999 |a 0001704786   |b Book   |c Adult Collection   |e Cawangan Urban Transformation Centre 
999 |a 0001704787   |b Book   |c Adult Collection   |e Cawangan AEON Kulaijaya 
999 |a 0001704788   |b Book   |c Adult Collection   |e Cawangan Taman Sri Lambak 
999 |a 0001704789   |b Book   |c Adult Collection   |e Perbadanan Perpustakaan Awam Johor 
999 |a 0001704790   |b Book   |c Adult Collection   |e Cawangan Muar 
999 |a 0001704791   |b Book   |c Adult Collection   |e Cawangan Mersing 
999 |a 0001704792   |b Book   |c Adult Collection   |e Cawangan Segamat 
999 |a 0001704793   |b Book   |c Adult Collection   |e Cawangan Tmn. Ungku Tun Aminah 
999 |a 0001704794   |b Book   |c Adult Collection   |e Cawangan Bandar Tenggara 
999 |a 0001704795   |b Book   |c Adult Collection   |e Cawangan Kota Tinggi 
999 |a 0001704796   |b Book   |c Adult Collection   |e Cawangan Batu Pahat 
999 |a 0001704797   |b Book   |c Adult Collection   |e Cawangan Pontian 
999 |a 0001704798   |b Book   |c Adult Collection   |e Cawangan Tangkak 
999 |a 0001704799   |b Book   |c Adult Collection   |e Perbadanan Perpustakaan Awam Johor 
999 |a 0001704800   |b Book   |c Adult Collection   |e Cawangan Bukit Gambir 
999 |a 0001729101   |b Book   |c Adult Collection   |e Perbadanan Perpustakaan Awam Johor